000 01401cad a22002655a 4500
001 E153805
008 110906s2010 xxk f s s000 0 eng d
020 _a9780755996124
035 _a(Sirsi) u153805
041 0 _aeng
050 0 4 _a333.72 $2 18
110 2 _aNational Statistics
_95785
245 0 0 _aKey Scottish environment statistics 2010
_h[electronic resource]
250 _a10th ed.
260 _aEdinburgh
_bScottish Government
_c2010
505 2 _aBackground -- Public attitudes -- Global atmosphere -- Air quality -- Water -- Marine -- Radioactivity -- Waste -- Land -- Biodiversity
520 _aSets out key data on various aspects of the environment in Scotland. Focuses where possible on trends over time, and provides background information on environmental impacts and relevant legislation. The publication is accompanied by a continuously updated internet database which also provides additional statistical information. The database can be accessed from the link below.
521 _aAdvanced
590 _aKA
651 4 _aScotland
_y1999-
690 _aEnvironment
_96238
856 4 0 _uhttps://www.scotland.gov.uk/Publications/2010/09/08094058/0
_zView the report free of charge at www.scotland.gov.uk
856 4 0 _uhttps://www.scotland.gov.uk/Topics/Statistics/Browse/Environment/seso
_zView the internet database free of charge at www.scotland.gov.uk
942 _n0
999 _c112709
_d112709